000 00770nam a2200229 a 4500
005 20090905133813.0
008 060731s1999 nyua b 000 0 eng d
010 _aB-357032
020 _c25.00
035 _aB-357032
037 _bDBAD / PUB
040 _adpl
_bEnglish
082 _aS
100 _aRavi Kumar, K.
245 _aThe illustrated stories of Panchatantra-1 /
_cby K. Ravi Kumar
260 _aVijayawada,
_bMudra Books
_c2008
270 _aEluru Road,
_bVijayawada,
_e2
300 _a112p.:
_c20cm(pbk)
_bill
650 _2Children's stories, English
942 _2ddc
_cCH
_mRAV
_hS
999 _c30046
_d30046